Cinq plus grandes villes par pays - Statistiques

Statistiques générales
  • Ce quiz a été pris 622 fois
  • Le résultat moyen est 32 sur 50
Statistiques - réponses
Hint Réponse % Correct
Marseille
100%
France Paris
100%
Lyon
99%
États-Unis New York
98%
Los Angeles
97%
Pays-Bas Amsterdam
94%
Toulouse
94%
Autriche Vienne
93%
Inde Delhi
92%
Pologne Varsovie
92%
Colombie Bogota
90%
Rabat / Sale
90%
Afrique du Sud Johannesbourg / Pretoria
89%
Nice
88%
Rotterdam
88%
Chicago
86%
Le Cap
86%
Montreal
86%
Maroc Casablanca
82%
Canada Toronto
82%
Washington D.C
78%
Cracovie
76%
Vancouver
75%
Marrakesch
74%
Den Haag
71%
Calcutta
70%
Mumbai
70%
San Francisco
70%
Salzburg
61%
Fés
58%
Medellin
55%
Tanger
47%
Cali
43%
Calgary
42%
Bengaluru
41%
Graz
40%
Durban
39%
Eindhoven
39%
Bloemfontein
37%
Utrecht
37%
Innsbruck
36%
Edmonton
35%
Łodz
33%
Linz
31%
Breslau
29%
Poznan
28%
Chennai
27%
Port Elizabeth
19%
Barranquilla
16%
Bucaramanga
4%
Aucun quiz correspondant
Distribution des résultats
% des personnes avec chaque résultat
Percentile par nombre de réponses
Votre historique - résultats
Vous n’avez pas pris ce quiz